[Event "83rd ESP-ch Women-ch 2018"]
[Site "Linares"]
[Date "2018.08.24"]
[Round "5"]
[White "Lopez Varela, Pablo"]
[Black "Alvarez Fernandez, Enrique"]
[Result "1/2-1/2"]
[WhiteElo "2100"]
[BlackElo "2324"]
[Annotator "NA"]
[PlyCount "92"]
[EventDate "2018.08.09"]
[EventType "tourn"]
[EventCountry "ESP"]
[SourceTitle "playchess.com"]
[Source "ChessBase"]
[SourceQuality "1"]
[TimeControl "40/5400+30:1800+30"]

1. e4 {[%emt 0:00:00]} e6 {[%emt 0:00:00]} 2. Nf3 {[%emt 0:00:21]} d5 {[%emt 0:00:06]} 3. e5 {[%emt 0:00:04]} c5 {[%emt 0:00:37]} 4. b4 {[%emt 0:00:23]} c4 {[%emt 0:00:22]} 5. c3 {[%emt 0:00:05]} a5 {[%emt 0:20:12]} 6. b5 {[%emt 0:00:08]} Nd7 {[%emt 0:03:44] C00: French: Unusual White 2nd moves} 7. d4 {[%emt 0:04:49]} Ne7 $146 {[%emt 0:10:29]} ({Predecessor:} 7... cxd3 8. Bxd3 Qc7 9. Qe2 Ne7 10. Bf4 h6 11. h4 g6 12. O-O Bg7 13. Nbd2 b6 14. c4 {1-0 (49) Bortnyk,O (2568)-Stupak,K (2535) Lvov 2016}) 8. a4 {[%emt 0:02:58]} f6 {[%emt 0:04:43]} 9. Qe2 {[%emt 0:13:08]} Ng6 {[%emt 0:07:42]} 10. exf6 {[%emt 0:02:55]} Nxf6 {[%emt 0:00:35]} 11. Bg5 {[%emt 0:08:28]} ({Better is} 11. g3 $14) 11... Be7 {[%emt 0:03:57]} 12. Nbd2 {[%emt 0:03:38]} O-O {[%emt 0:02:24]} 13. Ne5 {[%emt 0:12:59]} Nxe5 {[%emt 0:01:02]} 14. dxe5 {[%emt 0:00:14]} Nd7 {[%emt 0:00:56]} 15. Bxe7 {[%emt 0:00:30]} Qxe7 {[%emt 0:00:03]} 16. Qe3 {[%emt 0:04:59]} Nc5 {[%emt 0:02:43]} 17. Be2 {[%emt 0:00:28]} Bd7 {[%emt 0:00:31]} 18. O-O {[%emt 0:00:31]} Be8 {[%emt 0:00:19]} 19. Nf3 {[%emt 0:04:21]} Bh5 {[%emt 0:05:24]} 20. Nd4 {[%emt 0:02:04]} Bxe2 {[%emt 0:00:20]} 21. Nxe2 {[%emt 0:00:22]} Rac8 {[%emt 0:05:15]} 22. Nd4 {[%emt 0:01:06]} g5 {[%emt 0:07:05]} 23. f3 {[%emt 0:06:29]} Rf7 {[%emt 0:01:11]} 24. Rfb1 {[%emt 0:04:05]} Nb3 {[%emt 0:03:37]} 25. Nxb3 {[%emt 0:00:22]} cxb3 {[%emt 0:00:02]} 26. Rxb3 {[%emt 0:02:19]} Qc5 {[%emt 0:01:02]} 27. Qxc5 {[%emt 0:07:25]} Rxc5 {[%emt 0:00:03]} 28. b6 {[%emt 0:00:28]} Rf4 {[%emt 0:01:23]} 29. Kf2 {[%emt 0:01:15]} Kf7 {[%emt 0:04:50]} 30. Ke3 {[%emt 0:03:06]} Ke7 {[%emt 0:00:31]} 31. g3 {[%emt 0:02:33]} Rfc4 {[%emt 0:01:21]} 32. Kd3 {[%emt 0:00:23]} Kd7 {[%emt 0:00:27]} 33. Raa3 {[%emt 0:00:26]} Ke7 {[%emt 0:02:34]} 34. Rb1 {[%emt 0:00:17]} Kf7 {[%emt 0:00:36]} 35. Rb2 {[%emt 0:05:06]} h5 {[%emt 0:01:11]} 36. h3 {[%emt 0:00:29]} h4 {[%emt 0:00:48]} 37. g4 {[%emt 0:00:26]} Ke7 {[%emt 0:01:39]} 38. Rb5 {[%emt 0:02:03]} Kd7 {[%emt 0:01:02]} 39. Rab3 {[%emt 0:03:16]} Kc6 {[%emt 0:07:16]} 40. Rxc5+ {[%emt 0:00:06]} Rxc5 {[%emt 0:00:03]} 41. Rb5 {[%emt 0:31:20]} Rc4 {[%emt 0:31:20]} (41... Rxb5 $15 42. axb5+ Kxb5) 42. Rxa5 {[%emt 0:00:04]} Rf4 {[%emt 0:00:25]} 43. Ke3 {[%emt 0:01:41]} ({White should play} 43. Ke2 $1 $14) 43... Rc4 {[%emt 0:00:07]} 44. Kd3 {[%emt 0:01:17]} Rf4 {[%emt 0:00:06]} 45. Ke3 {[%emt 0:00:45]} Rc4 {[%emt 0:00:09]} 46. Kd3 {[%emt 0:00:34]} Rf4 {[%emt 0:00:10] Kd4} 1/2-1/2

[Event "83rd ESP-ch Women-ch 2018"]
[Site "Linares"]
[Date "2018.08.24"]
[Round "5"]
[White "Gil Quilez, Sonia"]
[Black "Calzetta Ruiz, Monica"]
[Result "1-0"]
[WhiteElo "2066"]
[BlackElo "2302"]
[Annotator "NA"]
[PlyCount "91"]
[EventDate "2018.08.09"]
[EventType "tourn"]
[EventCountry "ESP"]
[SourceTitle "playchess.com"]
[Source "ChessBase"]
[SourceQuality "1"]
[TimeControl "40/5400+30:1800+30"]

1. d4 {[%emt 0:00:00]} Nf6 {[%emt 0:00:00]} 2. c4 {[%emt 0:00:00]} c5 {[%emt 0:00:00]} 3. d5 {[%emt 0:00:20]} b5 {[%emt 0:00:00]} 4. cxb5 {[%emt 0:00:13]} a6 {[%emt 0:00:00]} 5. bxa6 {[%emt 0:00:23]} g6 {[%emt 0:00:40]} 6. Nc3 {[%emt 0:00:30] A58: Benko/Volga Gambit: Lines with 5 bxa6} Bg7 {[%emt 0:00:36]} 7. Nf3 {[%emt 0:01:16]} O-O {[%emt 0:00:24]} 8. a7 {[%emt 0:00:44]} Rxa7 {[%emt 0:00:15]} 9. e4 {[%emt 0:00:09]} d6 {[%emt 0:04:59]} 10. Be2 {[%emt 0:00:18]} Nbd7 {[%emt 0:06:39]} 11. O-O {[%emt 0:01:10]} Nb6 $146 {[%emt 0:11:16]} ({Predecessor:} 11... Qb6 12. Qc2 Ba6 13. Bxa6 Rxa6 {½-½ (68) Ponomariov,R (2709)-Andriasian,Z (2621) Tallinn 2016}) 12. Qc2 {[%emt 0:05:16]} Bd7 {[%emt 0:09:27]} 13. Nd2 {[%emt 0:08:37]} e6 {[%emt 0:17:05] [#]} 14. Nc4 {[%emt 0:11:51]} (14. dxe6 $1 $16 fxe6 15. a4) 14... exd5 {[%emt 0:05:49]} 15. Nxd6 {[%emt 0:03:11]} dxe4 {[%emt 0:07:08]} 16. Ncb5 {[%emt 0:08:42]} Bxb5 {[%emt 0:07:33]} 17. Nxb5 {[%emt 0:00:06]} Ra5 {[%emt 0:00:06]} 18. Qxc5 {[%emt 0:09:35]} Na4 {[%emt 0:01:49]} 19. Qc2 {[%emt 0:02:38]} Qb8 {[%emt 0:00:51]} 20. Qb3 {[%emt 0:05:12]} Rd8 {[%emt 0:06:04]} 21. Rd1 {[%emt 0:09:35]} Rxd1+ {[%emt 0:07:48]} 22. Qxd1 {[%emt 0:00:02]} h5 {[%emt 0:06:06]} 23. h3 {[%emt 0:05:36]} Rxb5 {[%emt 0:04:09]} 24. Qxa4 {[%emt 0:00:23]} Rb4 {[%emt 0:00:11]} 25. Qc2 {[%emt 0:01:15]} Nd5 {[%emt 0:00:49]} 26. a3 {[%emt 0:05:08]} Rb6 {[%emt 0:02:09]} 27. Ra2 {[%emt 0:03:56]} Nf4 {[%emt 0:00:48]} 28. Qxe4 {[%emt 0:04:29]} Nxe2+ {[%emt 0:00:10]} 29. Qxe2 {[%emt 0:00:02]} Re6 {[%emt 0:00:21]} 30. Be3 {[%emt 0:05:59]} Bd4 {[%emt 0:00:39]} 31. b4 {[%emt 0:01:58]} Bxe3 {[%emt 0:00:12]} 32. fxe3 {[%emt 0:00:03]} Qa7 {[%emt 0:00:08]} 33. Qf2 {[%emt 0:00:35]} Rxe3 {[%emt 0:01:04]} 34. Re2 {[%emt 0:02:55]} Rxa3 {[%emt 0:00:02]} 35. Qxa7 {[%emt 0:01:18]} Rxa7 {[%emt 0:00:02]} 36. Kf2 {[%emt 0:00:07]} Rb7 {[%emt 0:01:23]} 37. Rb2 {[%emt 0:01:20]} f5 {[%emt 0:00:25]} 38. Ke3 {[%emt 0:00:06]} Kf7 {[%emt 0:00:12]} 39. Kd4 {[%emt 0:00:12]} g5 {[%emt 0:00:35]} 40. b5 {[%emt 0:00:20]} Kf6 {[%emt 0:00:18]} 41. Kd5 {[%emt 0:30:36]} Rb8 {[%emt 0:30:17]} 42. b6 {[%emt 0:00:15]} f4 {[%emt 0:00:34]} 43. b7 $18 {[%emt 0:00:17]} g4 {[%emt 0:00:25]} 44. hxg4 {[%emt 0:01:23]} h4 {[%emt 0:00:55]} 45. Ke4 {[%emt 0:00:52]} Kg5 {[%emt 0:00:01]} 46. Kf3 {[%emt 0:00:13]} 1-0

[Event "83rd ESP-ch Women-ch 2018"]
[Site "Linares"]
[Date "2018.08.24"]
[Round "5"]
[White "Vergara Anton, Diego"]
[Black "Diaz Castro, Sergio"]
[Result "1-0"]
[WhiteElo "2022"]
[BlackElo "2289"]
[Annotator "TA"]
[PlyCount "159"]
[EventDate "2018.08.09"]
[EventType "tourn"]
[EventCountry "ESP"]
[SourceTitle "playchess.com"]
[Source "ChessBase"]
[SourceQuality "1"]

{[%evp 11,159,2,-6,-31,-14,-18,-24,-47,-17,-21,-37,-41,-18,-13,-12,-27,-14,-22,-18,-40,-29,-33,-22,-33,-30,-35,-30,-55,-2,-5,-8,-61,-35,-55,39,33,196,183,243,228,315,310,321,313,322,317,356,360,350,355,487,300,720,720,566,220,244,0,233,172,182,166,197,147,168,116,266,115,317,92,235,233,296,-31,-22,-34,-34,-34,0,0,0,-34,-34,-34,-34,-36,-27,-27,-53,-72,-72,-143,-64,-143,-143,-154,0,-106,-27,-84,-87,-169,-168,-178,-186,-162,-122,-187,-183,-168,377,377,377,373,372,370,420,327,380,0,149,149,149,149,29972,321,29965,29954,308,308,413,314,29977,29978,29977,293,29980,29981,29981,0,29980,29979,29980,29981,29988,29988,29988,29989,29991,29992]} 1. d4 Nf6 2. Nf3 c5 3. dxc5 e6 4. g3 Bxc5 5. Bg2 d5 6. O-O {D02: Damenbauernspiele} (6. c4 Nc6 7. cxd5 exd5 8. O-O O-O 9. Nbd2 Bb6 10. Nb3 d4 11. Bf4 Re8 12. Qd3 Bg4 13. Rfd1 Qe7 14. h3 Nb4 15. Qb5 d3 16. exd3 Bd7 17. Qg5 h6 {0-1 (41) Stupak,K (2502)-Sutovsky,E (2665) Plovdiv 2010}) 6... O-O {LiveBook: 21 Partien} 7. a3 Nc6 8. b4 {Die Stellung ist ausgeglichen.} Be7 9. Bb2 Bd7 10. Nbd2 b5 $146 ({Vorgänger:} 10... Rc8 11. c4 dxc4 12. Nxc4 Nxb4 13. Nfe5 Nbd5 14. e4 {½-½ (75) Borchgrevink,H (2161)-Sisatto,O (2205) Malmo 2001}) 11. Nd4 Qb6 12. N2b3 Rac8 13. Rc1 Rfd8 14. Nxc6 Bxc6 15. Qd4 Qc7 16. Rfd1 Bf8 17. Qe3 Nd7 18. Na5 Ba8 19. Rd4 e5 (19... Bd6 $15) 20. Rdd1 d4 21. Qd3 (21. Qg5 $11) 21... Bxg2 $15 22. Kxg2 {[#]} Qb8 (22... Nc5 $1 $15 {[%mdl 512]} 23. Qxb5 (23. bxc5 Qxa5) 23... a6) 23. Qf3 $36 {[%mdl 2048] Weiss steht aktiver.} Nf6 $2 ({Günstiger ist} 23... Nb6 $14) 24. Nc6 $18 e4 (24... Rxc6 $142 25. Qxc6 Rd6) 25. Qxf6 $1 Qc7 26. Qxd8 $1 Rxd8 27. Nxd8 Qxd8 28. Rxd4 (28. Bxd4 Qc8 $18) 28... Qc7 29. c4 (29. Rxe4 f5 $18) 29... bxc4 30. Rcxc4 ({Jedoch nicht} 30. Rdxc4 Qd7) 30... Qb7 31. Kg1 f5 $2 (31... e3 32. f3 h6) 32. Rd8 Kf7 33. Rdc8 $2 (33. Be5 Be7 34. Rc7 Qxc7 35. Bxc7 Bxd8 36. Bxd8) 33... Bd6 34. Rd8 $2 ({Lieber} 34. e3 $18) 34... Be7 $2 (34... Bf8 $1 $11 {und Schwarz muss sich keine Sorgen machen.} 35. Be5 Be7) 35. Rd2 h5 36. Rdc2 h4 37. gxh4 {Und Tc7 würde nun gewinnen.} Bd6 38. Rd2 (38. Rc6 $18 Qe7 39. Kg2) 38... Ke6 (38... Qe7 $16 {war angesagt.}) 39. Bd4 (39. Rcd4 $18 {ist viel giftiger.} Be5 40. Rd7 $1 {[%mdl 512]}) 39... f4 $2 (39... g5 $16 40. hxg5 Qh7) 40. Rc3 $2 (40. Bc3 $18) 40... Qf7 (40... Kf7 $16 41. f3 a5 42. fxe4 (42. bxa5 Qb1+ 43. Kg2 e3 $16) 42... axb4 43. axb4 Qxb4) 41. f3 $1 e3 42. Bxe3 $2 ({Weiss kommt nicht vorbei an} 42. Rd1 $18) 42... fxe3 $15 43. Rxe3+ Be5 {Und weiter mit ...Df4 wäre nett.} 44. Re4 Kf5 {[%mdl 1024] Schwarz hat Kompensation.} 45. Rc2 Bd6 46. Rd2 Qc7 {zielt auf ...Dc1+ ab.} 47. Rd5+ Kf6 48. Rg4 Bxh2+ 49. Kf2 Bf4 50. Rc5 Qd6 51. h5 (51. Rc4 $142 Bh6 52. Rce4) 51... Qd4+ (51... Qd2 $17 {...Le3+ ist eine echte Drohung.} 52. Rg6+ Kf7 53. Rf5+ Kg8 54. Rxf4 Qxf4) 52. Kf1 (52. Kg2 $15 Qd2 53. Kh3) 52... Qd1+ $1 $17 53. Kf2 Qd4+ 54. Kf1 {[#]} Qa1+ ({Besser ist} 54... Qd2 $1 $17 55. Rg6+ Kf7) 55. Kf2 {[#]} (55. Kg2 $1 $11 {hält das Gleichgewicht.} Be5 56. Rd5) 55... Be5 $1 {[%cal Re5d4] Weiss muss nun ...Ld4+ beachten.} 56. Rc6+ (56. Rcc4 $17 {ist eine bessere Verteidigung.}) 56... Kf7 $19 57. Rcc4 Qxa3 58. Rge4 Bd6 59. Rcd4 (59. Rc6 $17 Bxb4 60. Rc7+ Kf6 61. Kg2) 59... Qa6 60. Rg4 {Droht Tg6 und aus.} Qc6 $4 {[%mdl 8192]} (60... Be7 $19 61. Rd5 Qc6) 61. Rg6 $18 Qb5 62. Rgxd6 Qxh5 {[%mdl 4096] Endspiel KD-KTT} 63. Rd7+ Kg8 64. Kg2 Qe5 65. Kf2 $2 (65. Re4 $18 Qb2 66. Rxa7) 65... a5 (65... Qh5 $1 $11 {bleibt in der Remisbreite.} 66. Rg4 Kf8 67. Rxa7 Qh2+ 68. Ke1 Qh1+ 69. Kf2 Qh2+ 70. Ke1 Qh1+ 71. Kd2 Qh6+ 72. Ke1 Qh1+) 66. bxa5 $16 Qxa5 67. Rg4 g5 $2 {[%mdl 8192]} (67... Kh8 $16 68. Rf7 (68. Rdxg7 Qe1+ 69. Ke3 Qxe2+ 70. Kxe2 $11) 68... Qc5+ 69. Kg2 Qe3 70. Rf8+ (70. Rgxg7 Qxe2+ 71. Kh1 Qe1+ 72. Kg2 Qe2+ 73. Kh1 Qf1+ 74. Kh2 Qe2+ 75. Kh3 Qe6+ 76. Kh4 Qh6+ 77. Kg4 Qe6+ 78. Kf4 Qd6+ 79. Kg4 Qe6+ 80. Kg5 Qe5+ 81. Kg6 Qd6+ 82. Kh5 Qd5+ 83. Kh6 Qe6+ 84. Kg5 Qe5+ 85. Kh4 Qh2+ 86. Kg5 Qg3+ 87. Kf6 Qxf3+ 88. Ke7 Qb7+ 89. Kf6 Qc6+ 90. Kg5 Qd5+ 91. Kh6 Qd6+ 92. Rg6 Qh2+ 93. Kg5 Qg1+ 94. Kf6 Qd4+ 95. Ke6 Qe4+ 96. Kf6 Qf4+ 97. Ke6 Qe4+ 98. Kf6 Qd4+ 99. Ke6 Qe4+ $11) 70... Kh7 71. Rh4+ Kg6) 68. Rgd4 $2 (68. Rc4 Qb6+ 69. Kf1 Qb1+ 70. Kg2 Qb8 71. Rcc7 Qf8 72. e4 Kh8 73. Rf7) 68... Qe5 $2 (68... Qb5 $18 69. R7d5 Qb6) 69. Ke1 Kf8 70. R7d5 Qe3 71. Rg4 Kf7 $2 (71... Qc1+ $18 72. Kf2 Qh1 73. Rf5+ Ke7) 72. Rf5+ Kg6 73. Rfxg5+ $2 (73. Rgxg5+ {setzt Matt} Kh6 74. Rg4 Qc3+ 75. Kf2 Qc7 76. Rfg5 Qa7+ 77. Kg2 Qa2 78. Rg6+ Kh7 79. Rg7+ Kh6 80. Kf2) 73... Kh6 $2 (73... Kf6 $18 74. Rh5 Qc3+ 75. Kf2 Ke7) 74. Rg8 {[%cal Rg8h8]} Kh7 75. R8g5 {[%cal Rg4h4]} Kh6 76. Kf1 {Weiß setzt Matt.} Qb3 77. Rg6+ Kh5 78. Rg8 {[%cal Rg8h8]} Qb1+ 79. Kg2 Qa1 80. Rg3 {Precision: Weiß = 35%, Schwarz = 32%.} 1-0

[Event "83rd ESP-ch Women-ch 2018"]
[Site "Linares"]
[Date "2018.08.24"]
[Round "5"]
[White "Gonzalez Garcia, Francisco"]
[Black "Comellas Martos, Lidia"]
[Result "1-0"]
[WhiteElo "1972"]
[BlackElo "2001"]
[Annotator "NA"]
[PlyCount "125"]
[EventDate "2018.08.09"]
[EventType "tourn"]
[EventCountry "ESP"]
[SourceTitle "playchess.com"]
[Source "ChessBase"]
[SourceQuality "1"]
[TimeControl "40/5400+30:1800+30"]

1. e4 {[%emt 0:00:00]} c6 {[%emt 0:00:00]} 2. d4 {[%emt 0:00:00]} d5 {[%emt 0:00:00]} 3. e5 {[%emt 0:00:00]} c5 {[%emt 0:00:09]} 4. c3 {[%emt 0:00:00]} Nc6 {[%emt 0:00:15]} 5. Nf3 {[%emt 0:00:00]} Bg4 {[%emt 0:01:04]} 6. Be2 {[%emt 0:00:00]} e6 {[%emt 0:00:41]} 7. O-O {[%emt 0:03:05]} Bxf3 {[%emt 0:10:19] B12: Caro-Kann (Vorstoß-Variante)} (7... Nh6 8. Bxh6 gxh6 9. Nbd2 Qb6 10. Qb3 Be7 11. Rfe1 cxd4 12. Nxd4 Qxb3 13. N2xb3 Nxe5 14. f3 Bh5 15. g4 Rg8 16. Kf1 Bg6 17. f4 Nd3 {½-½ (17) Wang,P (2464)-Iotov,V (2574) Richardson 2011}) 8. Bxf3 {[%emt 0:03:49]} cxd4 {[%emt 0:02:12]} 9. cxd4 {[%emt 0:00:07]} Qb6 {[%emt 0:00:03]} 10. Be3 {[%emt 0:08:09]} Qxb2 {[%emt 0:01:59]} 11. Nd2 {[%emt 0:01:15]} Qb6 {[%emt 0:00:05]} 12. Rb1 {[%emt 0:01:01]} Qc7 {[%emt 0:00:06]} 13. Qb3 {[%emt 0:01:55]} Rb8 $146 {[%emt 0:05:18]} 14. Rfc1 {[%emt 0:00:35]} Nge7 {[%emt 0:06:07]} 15. Qa4 {[%emt 0:01:11]} Qd7 {[%emt 0:07:55]} 16. Qd1 {[%emt 0:01:10]} Nf5 {[%emt 0:05:04]} 17. Nb3 {[%emt 0:01:08]} Ba3 {[%emt 0:00:59]} 18. Nc5 {[%emt 0:01:23]} Bxc5 {[%emt 0:00:52]} 19. Rxc5 {[%emt 0:00:04]} O-O {[%emt 0:01:58]} 20. Be2 {[%emt 0:00:48]} a6 {[%emt 0:11:51]} 21. Rbc1 {[%emt 0:02:00]} Rfc8 {[%emt 0:05:00]} 22. Qa4 {[%emt 0:01:04]} Nfe7 {[%emt 0:12:28]} 23. Qa3 {[%emt 0:09:05]} Nd8 {[%emt 0:05:31]} 24. Bg5 {[%emt 0:02:03]} Rxc5 {[%emt 0:04:30]} 25. Rxc5 {[%emt 0:00:52]} Ndc6 {[%emt 0:00:22]} 26. Qb2 {[%emt 0:05:56]} Nf5 {[%emt 0:02:22]} 27. Be3 {[%emt 0:00:48]} Rc8 {[%emt 0:00:35]} 28. Bg4 {[%emt 0:04:02]} Nce7 {[%emt 0:03:07]} 29. Rxc8+ {[%emt 0:07:46]} Qxc8 {[%emt 0:00:28]} 30. Be2 {[%emt 0:00:42]} Qc6 {[%emt 0:02:12]} 31. g4 {[%emt 0:00:52]} Nxe3 {[%emt 0:00:29]} 32. fxe3 {[%emt 0:00:03]} Nc8 {[%emt 0:00:44]} 33. Bd3 {[%emt 0:03:54]} b5 {[%emt 0:01:53]} 34. h4 {[%emt 0:04:50]} h6 {[%emt 0:02:31]} 35. g5 {[%emt 0:01:49]} hxg5 {[%emt 0:00:05]} 36. hxg5 {[%emt 0:00:15]} g6 {[%emt 0:03:16]} 37. Kf2 {[%emt 0:00:57]} Ne7 {[%emt 0:01:22]} 38. Qa3 {[%emt 0:01:30]} Kf8 {[%emt 0:01:59]} 39. Qa5 {[%emt 0:01:26]} Ke8 {[%emt 0:01:18]} 40. a4 {[%emt 0:00:08]} bxa4 {[%emt 0:01:26]} 41. Bxa6 {[%emt 0:30:20]} Qc2+ {[%emt 0:30:04]} 42. Ke1 {[%emt 0:02:33]} Ng8 {[%emt 0:01:43]} 43. Bb5+ {[%emt 0:03:35]} Kf8 {[%emt 0:00:06]} 44. Bxa4 {[%emt 0:01:06]} Qb1+ {[%emt 0:00:18]} 45. Kf2 {[%emt 0:01:11]} Qf5+ {[%emt 0:00:05]} 46. Ke2 {[%emt 0:00:50]} Qxg5 {[%emt 0:00:06]} 47. Qe1 {[%emt 0:04:18]} Ne7 {[%emt 0:00:53]} 48. Bc2 {[%emt 0:00:26]} Nf5 {[%emt 0:00:52]} 49. Qf2 {[%emt 0:01:59]} Kg7 {[%emt 0:00:30]} 50. Bd3 {[%emt 0:01:12]} Qh5+ {[%emt 0:00:56]} 51. Kd2 {[%emt 0:00:38]} Qg5 {[%emt 0:00:15]} 52. Ke2 {[%emt 0:00:12]} Qg4+ {[%emt 0:00:50]} 53. Ke1 {[%emt 0:01:10]} Qh3 {[%emt 0:00:31]} 54. Ke2 {[%emt 0:02:57]} Qh6 {[%emt 0:00:35]} 55. Bc2 {[%emt 0:01:30]} Qh1 {[%emt 0:00:17]} 56. Bd3 {[%emt 0:01:26]} Qc1 {[%emt 0:00:41]} 57. Qf4 {[%emt 0:03:08]} (57. Qf3 $1 $15) 57... Qg1 {[%emt 0:00:22]} 58. Bxf5 {[%emt 0:01:14]} gxf5 {[%emt 0:00:35]} 59. Kd2 {[%emt 0:04:39]} Qg2+ {[%emt 0:00:07]} 60. Ke1 {[%emt 0:00:45]} Qg4 {[%emt 0:00:26]} 61. Qf2 {[%emt 0:01:29]} ({White must play} 61. Qh2 $1 $15) 61... Kg6 {[%emt 0:00:57]} 62. Kf1 $2 {[%emt 0:04:10]} (62. Kd2) 62... Kg5 {[%emt 0:00:31]} 63. Qd2 $19 {[%emt 0:00:39]} 1-0

[Event "83rd ESP-ch Women-ch 2018"]
[Site "Linares"]
[Date "2018.08.24"]
[Round "5"]
[White "Anillo Fernandez, Isabel Maria"]
[Black "Sanchez Vigon, David"]
[Result "0-1"]
[WhiteElo "1924"]
[BlackElo "2220"]
[Annotator "NA"]
[PlyCount "104"]
[EventDate "2018.08.09"]
[EventType "tourn"]
[EventCountry "ESP"]
[SourceTitle "playchess.com"]
[Source "ChessBase"]
[SourceQuality "1"]
[TimeControl "40/5400+30:1800+30"]

1. e4 {[%emt 0:00:00]} c5 {[%emt 0:00:00]} 2. Nf3 {[%emt 0:00:00]} Nc6 {[%emt 0:00:00]} 3. d4 {[%emt 0:00:41]} cxd4 {[%emt 0:00:00]} 4. Nxd4 {[%emt 0:00:11]} g6 {[%emt 0:00:12]} 5. c4 {[%emt 0:00:56]} Nf6 {[%emt 0:01:37]} 6. Nc3 {[%emt 0:00:33]} d6 {[%emt 0:00:11]} 7. Be2 {[%emt 0:00:36]} Nxd4 {[%emt 0:00:12]} 8. Qxd4 {[%emt 0:00:44]} Bg7 {[%emt 0:00:12]} 9. Be3 {[%emt 0:01:14]} O-O {[%emt 0:00:25]} 10. Qd3 {[%emt 0:00:50]} Be6 {[%emt 0:01:52] B36: Sicilian: Maroczy Bind: Gurgenidze System} (10... a5 11. Bd4 a4 12. O-O Qa5 13. f4 Be6 14. f5 Bd7 15. Kh1 Bc6 16. Nd5 Bxd5 17. exd5 Nd7 18. Bxg7 Kxg7 {0-1 (63) Anton Guijarro,D (2666)-Guseinov,G (2646) Riadh 2017}) 11. Bd4 {[%emt 0:03:45]} Nd7 {[%emt 0:12:37]} 12. Bxg7 {[%emt 0:01:18]} Kxg7 {[%emt 0:00:07]} 13. O-O {[%emt 0:03:35]} Qb6 {[%emt 0:02:40]} 14. b3 {[%emt 0:03:29]} a5 {[%emt 0:00:42]} 15. Nd5 $146 {[%emt 0:09:44]} ({Predecessor:} 15. Kh1 f5 16. exf5 Rxf5 17. f4 Raf8 18. Bg4 {1-0 (49) Sredojevic,I (2382)-Blesic,V (2362) Dvorovi 2016}) 15... Bxd5 {[%emt 0:00:49]} 16. exd5 {[%emt 0:01:32]} Nc5 {[%emt 0:06:58]} 17. Qd4+ {[%emt 0:14:00]} Kg8 {[%emt 0:00:26]} 18. Bd1 {[%emt 0:05:28]} a4 {[%emt 0:16:45]} 19. Bc2 {[%emt 0:02:44]} axb3 {[%emt 0:16:50]} 20. axb3 {[%emt 0:00:32]} Qb4 {[%emt 0:00:10]} 21. Qe3 {[%emt 0:03:43]} Rxa1 {[%emt 0:01:49]} 22. Rxa1 {[%emt 0:00:10]} Re8 {[%emt 0:00:40]} 23. g3 {[%emt 0:08:20]} Qb6 {[%emt 0:20:13]} 24. Qc3 {[%emt 0:15:29]} Nd7 {[%emt 0:01:35]} 25. b4 {[%emt 0:05:09]} Nf6 {[%emt 0:00:44]} 26. Re1 {[%emt 0:06:36]} Qc7 {[%emt 0:00:58]} 27. Qd4 {[%emt 0:01:15]} Rc8 {[%emt 0:00:38]} 28. Bd3 {[%emt 0:00:55]} Kf8 {[%emt 0:00:52]} 29. Rc1 {[%emt 0:01:56]} b6 {[%emt 0:00:09]} 30. h3 {[%emt 0:01:20]} Kg8 {[%emt 0:00:05]} 31. Ra1 {[%emt 0:01:24]} Nd7 {[%emt 0:02:38]} 32. Be2 {[%emt 0:01:44]} Nf6 {[%emt 0:06:04]} 33. Kg2 {[%emt 0:03:14]} Qb7 {[%emt 0:00:59]} 34. Bf3 {[%emt 0:00:36]} Nd7 {[%emt 0:00:29]} 35. Kg1 {[%emt 0:01:23]} Ne5 {[%emt 0:00:27]} 36. Be2 {[%emt 0:00:23]} Rxc4 {[%emt 0:00:13]} 37. Qd2 {[%emt 0:01:17]} Rc7 {[%emt 0:00:26]} 38. Rd1 {[%emt 0:01:11]} Qc8 {[%emt 0:00:39]} 39. Kg2 {[%emt 0:00:39]} Qf5 {[%emt 0:00:50]} 40. Qd4 {[%emt 0:00:39]} Rc2 {[%emt 0:00:54]} 41. Rd2 {[%emt 0:30:33]} Rxd2 {[%emt 0:30:42]} 42. Qxd2 {[%emt 0:00:03]} Qe4+ {[%emt 0:00:30]} 43. f3 {[%emt 0:00:52]} Qb1 {[%emt 0:00:02]} 44. b5 {[%emt 0:00:32]} Qb3 {[%emt 0:01:12]} 45. Qc1 {[%emt 0:00:35]} Qxd5 {[%emt 0:00:25]} 46. Qc8+ {[%emt 0:00:37]} Kg7 {[%emt 0:00:06]} 47. Qc3 {[%emt 0:00:13]} Qc5 {[%emt 0:00:43]} 48. Qb2 {[%emt 0:00:41]} f6 {[%emt 0:00:19]} 49. Qa2 {[%emt 0:00:28]} d5 {[%emt 0:00:45]} 50. f4 {[%emt 0:00:34]} Nc4 {[%emt 0:00:13]} 51. Qa7 {[%emt 0:00:33]} (51. Qb3 $142) 51... Ne3+ $19 {[%emt 0:00:26]} 52. Kf3 {[%emt 0:00:21]} Nf5 {[%emt 0:00:10]} 0-1